000 00731nam a2200241Ia 4500
003 OSt
005 20260106152914.0
008 210210b1945 xxu||||| |||| 00| 0 eng d
040 _cAL
041 _aKannada
082 _a859/1454
100 _aRAVINDRANATHA THAKURA
_9150010
_d ರವೀಂದ್ರನಾಥ ಠಾಕೂರ
245 _aRavindra kathegalu-1
_bರವೀಂದ್ರ ಕಥೆಗಳು -೧
260 _aBengaluru
_bSatyashodhana Prakatana Mandira
_c1945
650 _aRavIndra
_9150011
650 _akathegaLu-1
_9150012
650 _aby
_9150013
650 _aayyar
_9150014
690 _aKannada Fiction
_9150015
700 _aAyyar
_dಅಯ್ಯರ್
_9250374
906 _a022187
942 _2ddc
_cBK
999 _c146291
_d146291